Architectural research methods

Bewaard in:
Bibliografische gegevens
Hoofdauteur: Groat, Linda N (Auteur)
Formaat: Boek
Taal:Engels
Gepubliceerd in: Hoboken John Wiley & Sons 2013
Editie:2a. ed
Onderwerpen:
Tags: Voeg label toe
Geen labels, Wees de eerste die dit record labelt!

MARC

LEADER 00000cam a2200000 a 4500
001 UCE6905
003 CL-VaPUC
008 150514e20130000us |||||||||||||||||eng|d
020 |a 9780470908556 
082 0 4 |a 720.072  |b GRO  |2 21 
100 0 |a Groat, Linda N  |e author  |9 579576 
245 1 0 |a Architectural research methods 
250 |a 2a. ed 
300 |a 468 p 
942 |c BK 
945 |d 20150514 13:01:00  |a cmena 
260 |a Hoboken  |b John Wiley & Sons  |c 2013 
650 0 |a Arquitectura  |9 804558 
650 0 |a Métodos de investigación   |9 262618 
650 7 |a TEORIA DE LA ARQUITECTURA  |2 CL-VaPUC  |9 483680 
583 |a last modification  |c 20150514 13:01:00  |k Rodrigo Vera 
999 |c 359076  |d 359074 
952 |0 0  |1 0  |3 erb  |4 0  |6 720_072000000000000_GRO_2013  |7 0  |8 A  |9 468097  |a BIBARQ  |b BIBARQ  |i 5160243  |o 720.072 GRO 2013  |p 5160243  |r 2025-01-20  |w 2019-11-23  |y BK  |z Catalogado en:20150514  |k ARQ